[Event "Lugano op"]
[Site "Lugano"]
[Date "1983.??.??"]
[Round "3"]
[White "Seirawan, Yasser"]
[Black "Bohm, Hans"]
[Result "1-0"]
[WhiteElo "2600"]
[BlackElo "2380"]

1.c4 c5 2.Nf3 Nf6 3.Nc3 d5 4.cxd5 Nxd5 5.e4 Nb4 6.Bc4 Nd3+ 7.Ke2 Nf4+ 8.Kf1 Ne6
9.b4 cxb4 10.Nd5 g6 11.Bb2 Bg7 12.Bxg7 Nxg7 13.Nxb4 O-O 14.h3 Qd6 15.Rb1 Nc6
16.Nxc6 bxc6 17.Qc2 Be6 18.Ke2 c5 19.Rb7 Rfb8 20.Rhb1 Bxc4+ 21.Qxc4 Ne6 22.g3 Kf8
23.d3 Rc8 24.Ke3 f6 25.R1b3 Rd8 26.Ra3 a5 27.Rab3 Ra6 28.Rb8 Kg7 29.Rxd8 Nxd8
30.Rb5 Ne6 31.a4 Qc7 32.Qc3 Qd8 33.Nd2 h5 34.h4 Kh6 35.Nb3 Qd7 36.Qc4 Rd6
37.Rxa5 Nd4 38.Qg8 g5 39.Ra8 Nc2+ 40.Kd2  1-0

[Event "Lugano op"]
[Site "Lugano"]
[Date "1983.??.??"]
[Round "4"]
[White "Ekstroem, Roland"]
[Black "Seirawan, Yasser"]
[Result "0-1"]
[WhiteElo "2400"]
[BlackElo "2600"]

1.e4 c5 2.Nf3 e6 3.d4 cxd4 4.Nxd4 a6 5.Bd3 Nf6 6.O-O Qc7 7.Nd2 d6 8.a4 b6
9.Qe2 Nbd7 10.Re1 Be7 11.Ra3 Nc5 12.b4 Nxd3 13.cxd3 O-O 14.Nf1 Bd7 15.Bd2 Rfc8
16.a5 bxa5 17.Rxa5 Qb6 18.Nf3 Bb5 19.Ne3 Bd8 20.e5 dxe5 21.Nc4 Qa7 22.Rxb5 axb5
23.Nd6 Rc2 24.Nxe5 Qa2 25.Nf3 Qd5 26.Ne4 Nxe4 27.dxe4 Qc4 28.Qe3 Bf6 29.e5 Be7
30.Rb1 Qa2 31.Qe1 Rd8 32.Be3 Qc4 33.h3 h6 34.Kh2 Rd5 35.Kg1 Qc3 36.Qf1 Bxb4
37.Kh2 Qc4 38.Qg1 Bc3 39.g4 Qe4 40.Kg3 b4  0-1

[Event "Niksic"]
[Site "Niksic"]
[Date "1983.??.??"]
[Round "4"]
[White "Seirawan, Yasser"]
[Black "Petrosian, Tigran V"]
[Result "1/2-1/2"]
[WhiteElo "2605"]
[BlackElo "2580"]

1.d4 Nf6 2.c4 e6 3.Nc3 Bb4 4.Qc2 d6 5.Bg5 Nbd7 6.e3 c5 7.dxc5 dxc5 8.O-O-O Bxc3
9.Qxc3 Qe7 10.Bd3 b6 11.f4 Bb7 12.e4 e5 13.Nf3 Qe6 14.fxe5 Ng4 15.Bc2 Ngxe5
16.Ba4 O-O 17.Bf4 f6 18.Rhe1 Rf7 19.h3 Nxf3 20.gxf3 Raf8 21.h4  1/2-1/2

[Event "Niksic"]
[Site "Niksic"]
[Date "1983.??.??"]
[Round "7"]
[White "Ljubojevic, Ljubomir"]
[Black "Seirawan, Yasser"]
[Result "1-0"]
[WhiteElo "2645"]
[BlackElo "2605"]

1.e4 c6 2.d3 d5 3.Nd2 e5 4.Ngf3 Nd7 5.Be2 Ngf6 6.O-O Bd6 7.c3 O-O 8.Re1 Re8
9.Bf1 a5 10.g3 a4 11.Qc2 b5 12.d4 h6 13.exd5 Nxd5 14.c4 bxc4 15.Nxc4 Bb4
16.Bd2 exd4 17.Nxd4 Rxe1 18.Rxe1 Qf6 19.Bxb4 Nxb4 20.Qd2 c5 21.Bg2 Rb8 22.Nf5 Qxf5
23.Re8+ Nf8 24.Rxf8+ Kh7 25.Qe1 Qf6 26.Qe8 Be6 27.Qxb8 Bxc4 28.Rh8+ Kg6 29.Be4+ Kh5
30.Qc8  1-0

[Event "Niksic"]
[Site "Niksic"]
[Date "1983.??.??"]
[Round "9"]
[White "Larsen, Bent"]
[Black "Seirawan, Yasser"]
[Result "1-0"]
[WhiteElo "2565"]
[BlackElo "2605"]

1.c4 e5 2.b3 g6 3.Bb2 Bg7 4.g3 c5 5.Bg2 Ne7 6.Nc3 Nbc6 7.d3 d6 8.e3 Be6 9.Nd5 Bxd5
10.cxd5 Nb4 11.e4 Qa5 12.Bc3 Qb5 13.Bf1 Qd7 14.Nf3 O-O 15.a3 Na6 16.h4 Nc7
17.a4 b5 18.h5 bxa4 19.Bh3 Qe8 20.Rxa4 Nc8 21.hxg6 hxg6 22.Kf1 Nb6 23.Ra5 Qe7
24.Nh4 Nd7 25.Bd2 Rfb8 26.Kg2 Rb7 27.Qc2 Rab8 28.Rb1 Nf8 29.Nf3 Bf6 30.Qa2 Ne8
31.Qa4 Nh7 32.Ra1 Rxb3 33.Rxa7 Qf8 34.Qc4 Bd8 35.R1a6 Rb2 36.Rc6 Nef6 37.Qa6 R2b6
38.Qa4 Rb3 39.Rc8 Rxc8 40.Qxb3 Rc7 41.Ra8 Re7 42.Bh6 Qxh6 43.Rxd8+ Kg7 44.Rxd6 Ng5
45.Nxg5 Qxg5 46.Ra6 Nh5 47.Ra8 Nf4+ 48.Kh2 Nxh3 49.Qb8 Qh5 50.Qf8+ Kf6 51.Ra6+ Kg5
52.Qxe7+ Kg4 53.Qh4+  1-0

[Event "Tilburg"]
[Site "Tilburg"]
[Date "1983.??.??"]
[Round "?"]
[White "Ljubojevic, Ljubomir"]
[Black "Seirawan, Yasser"]
[Result "1-0"]
[WhiteElo "2645"]
[BlackElo "2605"]

1.e4 e6 2.d4 d5 3.Nc3 Bb4 4.e5 Qd7 5.Qg4 f5 6.Qg3 b6 7.Nh3 a5 8.Nf4 Qf7 9.a3 Bxc3+
10.Qxc3 Ba6 11.Bxa6 Rxa6 12.Nxe6 Qxe6 13.Qxc7 Nc6 14.Qxg7 Qg6 15.Qxh8 Nd8
16.Bh6 b5 17.Bg7 Kf7 18.Bf6 Ne6 19.h4 Rc6 20.h5 Qh6 21.c3 Rc8 22.f4 Nxf4
23.O-O Ne2+ 24.Kf2 Nf4 25.g4 fxg4 26.Bg5 Qxg5 27.Kg3 Nf6 28.Qxf6+ Qxf6 29.exf6 Nxh5+
30.Kxg4 Nxf6+ 31.Kf5 a4 32.Rae1 Rc6 33.Kg5 Rd6 34.Re5 h6+ 35.Kxh6 Kg8 36.Rg5+ Kf7
37.Rgf5 Ke7 38.Kg5 Ne4+ 39.Kf4 Nd2 40.Re1+ Kd7 41.Rf7+ Kc6 42.Re8 Nc4 43.Rc8+ Kb6
44.Rb8+ Kc6 45.Rfb7 Nxb2 46.Rxb5 Nc4 47.Rc5+  1-0

[Event "Tilburg"]
[Site "Tilburg"]
[Date "1983.??.??"]
[Round "?"]
[White "Karpov, Anatoly"]
[Black "Seirawan, Yasser"]
[Result "1-0"]
[WhiteElo "2710"]
[BlackElo "2605"]

1.e4 c6 2.d4 d5 3.Nd2 dxe4 4.Nxe4 Bf5 5.Ng3 Bg6 6.h4 h6 7.Nf3 Nd7 8.h5 Bh7
9.Bd3 Bxd3 10.Qxd3 Qc7 11.Bd2 Ngf6 12.O-O-O e6 13.Ne4 Bd6 14.Nxd6+ Qxd6 15.Qe2 Qd5
16.Kb1 Nxh5 17.Ne5 Nhf6 18.f3 b5 19.g4 Rg8 20.Rhe1 Nb6 21.b3 Qd6 22.f4 Nfd7
23.f5 Nxe5 24.dxe5 Qc5 25.fxe6 fxe6 26.Be3 Qxe5 27.Bxb6 Qxe2 28.Rxe2 axb6
29.Rxe6+ Kf7 30.Rxc6 Rgd8 31.Rf1+ Kg8 32.Rf5 Rd1+ 33.Kb2 Rg1 34.Rxb5 Rxg4
35.Rcxb6 g6 36.Rb8+ Rxb8 37.Rxb8+ Kg7 38.a4 Re4 39.a5 Re7 40.a6 Kf6 41.b4 g5
42.b5 Ra7 43.Rb6+  1-0

[Event "Tilburg"]
[Site "Tilburg"]
[Date "1983.??.??"]
[Round "?"]
[White "Seirawan, Yasser"]
[Black "Portisch, Lajos"]
[Result "1/2-1/2"]
[WhiteElo "2605"]
[BlackElo "2600"]

1.d4 d5 2.c4 c6 3.Nf3 Nf6 4.Qb3 dxc4 5.Qxc4 Bf5 6.g3 Nbd7 7.Nc3 e6 8.Bg2 Be7
9.O-O O-O 10.Bg5 h6 11.Bxf6 Bxf6 12.Rfd1 a5 13.e3 a4 14.Qe2 Qa5 15.Nd2 Nb6
16.Rac1 a3 17.b3  1/2-1/2

[Event "Tilburg"]
[Site "Tilburg"]
[Date "1983.??.??"]
[Round "?"]
[White "Seirawan, Yasser"]
[Black "Andersson, Ulf"]
[Result "1/2-1/2"]
[WhiteElo "2605"]
[BlackElo "2640"]

1.d4 Nf6 2.c4 e6 3.Bg5 h6 4.Bh4 Bb4+ 5.Nd2 c5 6.a3 Bxd2+ 7.Qxd2 g5 8.Bg3 Ne4
9.Qe3 Nxg3 10.hxg3 Qa5+ 11.b4 cxb4 12.Qd2 d5 13.cxd5 exd5 14.Nf3 Nc6 15.Ne5 bxa3
16.Nxc6 Qxd2+ 17.Kxd2 bxc6 18.e3 Rb8 19.Bd3 Rb2+ 20.Bc2 Bf5 21.Rhc1 Kd7 22.Rxa3 Ra8
23.g4 Bxg4 24.Kc3 Rb7 25.Rh1 Rh8 26.Rha1 Kd6 27.Rxa7 Rxa7 28.Rxa7 Bd7 29.f3 f5
30.e4 fxe4 31.fxe4 dxe4 32.Bxe4 Rf8 33.Kd3 Rb8 34.Ke3 h5 35.Ra5 Rb3+ 36.Kf2 Rb2+
37.Ke3 Rb3+ 38.Kf2 Rb5 39.Ra6 Rb4 40.Ke3 h4 41.Ra8 Rb3+ 42.Kf2 Rb2+ 43.Ke3 Be6
44.Rh8 Bd5 45.Rh6+ Ke7 46.Bf3 Kf7 47.Rd6 Rb3+ 48.Kf2 Bxf3 49.gxf3 Rc3 50.Kg2 Rc4
51.Kh3 Ke7 52.Rh6 Rc1 53.Kg4 Rg1+ 54.Kf5 Kd7 55.f4 gxf4 56.Rxh4  1/2-1/2

[Event "Tilburg"]
[Site "Tilburg"]
[Date "1983.??.??"]
[Round "?"]
[White "Seirawan, Yasser"]
[Black "Spassky, Boris V"]
[Result "1/2-1/2"]
[WhiteElo "2605"]
[BlackElo "2605"]

1.d4 Nf6 2.c4 g6 3.Nc3 Bg7 4.e4 d6 5.Be2 Nc6 6.Nf3 Bg4 7.Be3 O-O 8.O-O Re8
9.d5 Bxf3 10.Bxf3 Ne5 11.Be2 c6 12.f3 e6 13.dxc6 Nxc6 14.Qb3 Qe7 15.Rad1 Rad8  1/2-1/2

[Event "Tilburg"]
[Site "Tilburg"]
[Date "1983.??.??"]
[Round "?"]
[White "Seirawan, Yasser"]
[Black "Vaganian, Rafael A"]
[Result "1-0"]
[WhiteElo "2605"]
[BlackElo "2620"]

1.c4 g6 2.d4 Nf6 3.Nc3 d5 4.Nf3 Bg7 5.Bg5 Ne4 6.cxd5 Nxg5 7.Nxg5 e6 8.Nf3 exd5
9.e3 O-O 10.b4 Nc6 11.Qb3 Qe7 12.Nxd5 Qd6 13.Bc4 Be6 14.Nf4 Bg4 15.Ne2 Bxf3
16.gxf3 Nxb4 17.O-O c5 18.dxc5 Qxc5 19.Rac1 Qe7 20.Rb1 b5 21.Bxb5 Qg5+ 22.Ng3 Qxb5
23.Qxb4 Qd5 24.a4 Qxf3 25.Qb7 Qf6 26.Rfc1 h5 27.Qc6 Qg5 28.Rc5 Qg4 29.Rc4 Qh3
30.Qg2 Qd7 31.Qc6 Qd8 32.h3 Rb8 33.Rb7 Qd3 34.Rd7 Qa3 35.Qd5 Rb6 36.Rf4 Bf6
37.Ne4 a5 38.Rxf6 Qa1+ 39.Kg2 Rxf6 40.Nxf6+ Qxf6 41.Rd6 Qg7 42.Qxa5 Qb2 43.Qd5 Kg7
44.a5 Rc8 45.Qd4+ Qxd4 46.Rxd4 Ra8 47.Ra4 Ra6 48.Kg3 Kf6 49.Kh4 Kf5 50.f3 f6
51.f4 Ke6 52.e4 Kd6 53.Ra2 Ke6 54.Ra1 Kd6 55.Ra3 Ke6 56.Ra4 Kd6 57.f5 gxf5
58.exf5 Ke5 59.Kxh5 Kxf5 60.Kh4 Kg6 61.Kg4 Kh6 62.Kf5 Kh5 63.Ra2 Kh6 64.Ra3 Kh5
65.Ra4 Kh6 66.Ke4 Kg5 67.Kd5 f5 68.h4+ Kh5 69.Ke5 f4 70.Kxf4 Kxh4 71.Ke5+ Kg5
72.Kd5 Kf6 73.Kc5 Ke7 74.Kb5 Ra8 75.a6 Kd6 76.a7  1-0

[Event "Tilburg"]
[Site "Tilburg"]
[Date "1983.??.??"]
[Round "?"]
[White "Timman, Jan H"]
[Black "Seirawan, Yasser"]
[Result "1/2-1/2"]
[WhiteElo "2605"]
[BlackElo "2605"]

1.d4 Nf6 2.c4 e6 3.Nc3 Bb4 4.a3 Bxc3+ 5.bxc3 b6 6.f3 Nc6 7.e4 Ba6 8.Nh3 Na5
9.Qa4 O-O 10.Bg5 d6 11.e5 Qd7 12.Qc2 Ne8 13.Qe4 Bb7 14.Qh4 f6 15.exf6 Nxf6
16.Bd3 Ba6 17.Bxf6 gxf6 18.O-O Bxc4 19.Bxc4 Nxc4 20.Nf4 e5 21.dxe5 Nxe5 22.Rad1 Qf7  1/2-1/2

[Event "Tilburg"]
[Site "Tilburg"]
[Date "1983.??.??"]
[Round "?"]
[White "Seirawan, Yasser"]
[Black "Sosonko, Gennadi"]
[Result "0-1"]
[WhiteElo "2605"]
[BlackElo "2575"]

1.c4 e5 2.Nc3 Nf6 3.Nf3 Nc6 4.e3 Bb4 5.Nd5 e4 6.Ng1 O-O 7.Ne2 Nxd5 8.cxd5 Ne5
9.Ng3 f5 10.a3 Bd6 11.d3 Qh4 12.dxe4 fxe4 13.Be2 Nd3+ 14.Bxd3 exd3 15.f4 b6
16.Qxd3 a5 17.Bd2 Ba6 18.Qc2 Qg4 19.Qd1 Rxf4 20.Qxg4 Rxg4 21.O-O-O Bxg3 22.hxg3 Rxg3
23.e4 Rf8 24.Bc3 Rxg2 25.e5 Bc4 26.Rd4 Bb3 27.Re1 Rg6 28.Rd3 a4 29.e6 dxe6
30.d6 cxd6 31.Rxd6 h5 32.Kd2 b5 33.Re5 Rh6 34.Rxb5 Rf7 35.Bd4 h4 36.Rd8+ Rf8
37.Rxf8+ Kxf8 38.Rb8+ Kf7 39.Rb7+ Kg6 40.Rxg7+ Kf5 41.Bg1 h3 42.Bh2 Ke4 43.Ke2 Bc4+
44.Ke1 Rf6 45.Rg4+ Kd5 46.Bg3 e5 47.Rg5 h2 48.Rxe5+ Kd4 49.Bxh2 Rf1+ 50.Kd2 Rf2+
51.Kc1 Rxh2 52.Re8 Bd3 53.Ra8 Ke3 54.Re8+ Be4 55.Rd8 Rh1+ 56.Rd1 Rxd1+ 57.Kxd1 Kd3
58.Kc1 Kc4  0-1

[Event "London"]
[Site "London"]
[Date "1984.??.??"]
[Round "?"]
[White "Seirawan, Yasser"]
[Black "Andersson, Ulf"]
[Result "0-1"]
[WhiteElo "2525"]
[BlackElo "2630"]

1.Nf3 c5 2.c4 Nc6 3.e3 e6 4.d4 d5 5.cxd5 exd5 6.Bb5 cxd4 7.Nxd4 Bd7 8.O-O Nf6
9.b3 a6 10.Be2 Bd6 11.Bb2 O-O 12.Nxc6 bxc6 13.Nc3 Re8 14.Rc1 a5 15.Bf3 Qb8
16.g3 a4 17.Nxa4 Rxa4 18.Bxf6 Rxa2 19.Bd4 Ra3 20.Bg4 f5 21.Bh5 g6 22.Bf3 Qxb3
23.Rb1 Qxd1 24.Rfxd1 Be5 25.Bxe5 Rxe5 26.Rb7 Re7 27.Rdb1 Kf7 28.Kg2 Ke6 29.h4 Kd6
30.Rb8 Re8 31.Rxe8 Bxe8 32.Rb8 Ke7 33.Rb7+ Bd7 34.g4 Kd6 35.g5 Ra8 36.Kg3 Rd8
37.Rb6 Kc7 38.Rb2 Ra8 39.Kf4 Kd6 40.Rb7 Ra4+ 41.Kg3 d4 42.h5 gxh5 43.Bxh5 Ra3
44.Kf4 d3 45.Rb4 c5 46.Rb6+ Kc7 47.Rh6 d2 48.Rxh7 Ra4+ 49.Kg3 Rg4+ 50.Bxg4 fxg4
51.Rh1 c4  0-1

[Event "London"]
[Site "London"]
[Date "1984.??.??"]
[Round "?"]
[White "Polugaevsky, Lev"]
[Black "Seirawan, Yasser"]
[Result "1-0"]
[WhiteElo "2615"]
[BlackElo "2525"]

1.d4 Nf6 2.c4 e6 3.Nc3 Bb4 4.g3 c5 5.Nf3 cxd4 6.Nxd4 Qc7 7.Qd3 Nc6 8.Nb5 Qb8
9.Bf4 Ne5 10.Qd4 d6 11.Nxd6+ Bxd6 12.O-O-O Nxc4 13.Qxc4 Bxf4+ 14.gxf4 O-O
15.Rg1 Nd5 16.e3 Nxc3 17.Qxc3 g6 18.h4 b5 19.h5 Bb7 20.Qf6 Be4 21.Bd3 Qc7+
22.Kb1 Bxd3+ 23.Rxd3 Rfc8 24.Rd2 Qc5 25.hxg6 hxg6 26.e4 Qf8 27.f5 exf5 28.exf5 Qg7
29.Qd6 g5 30.f4 g4 31.Rdg2 Rd8 32.Rxg4 Rxd6 33.Rxg7+ Kh8 34.Rxf7 Rh6 35.Rb7 a6
36.a3 Rf8 37.Rg6 Rxg6 38.fxg6 Rxf4 39.Rb6 Ra4 40.Kc2 Kg7 41.Kd3 Kh6 42.Kc3 Kg7
43.Rd6 Rc4+ 44.Kd3  1-0

[Event "London"]
[Site "London"]
[Date "1984.??.??"]
[Round "?"]
[White "Chandler, Murray G"]
[Black "Seirawan, Yasser"]
[Result "1/2-1/2"]
[WhiteElo "2515"]
[BlackElo "2525"]

1.e4 c6 2.d4 d5 3.Nd2 dxe4 4.Nxe4 Bf5 5.Ng3 Bg6 6.h4 h6 7.Nf3 Nd7 8.h5 Bh7
9.Bd3 Bxd3 10.Qxd3 Qc7 11.Bd2 Ngf6 12.O-O-O e6 13.Ne4 Bd6 14.g3 b5 15.Kb1 a5
16.Nxf6+ Nxf6 17.Ne5 Bxe5 18.dxe5 Qxe5 19.Bc3 Qc7 20.Bxf6 gxf6 21.Qc3 e5
22.Qc5 Rd8 23.a4 bxa4 24.Rxd8+ Qxd8 25.Qxc6+ Ke7 26.Qxa4 Qd5 27.Qa3+ Ke6
28.Re1 Rd8 29.f4 Qd2 30.f5+ Kd7 31.Re3 Qd1+ 32.Ka2 Qxc2 33.Rd3+ Ke8 34.Rxd8+ Kxd8
35.Qf8+ Kc7 36.Qxf7+ Kc8 37.Qe6+  1/2-1/2

[Event "London"]
[Site "London"]
[Date "1984.??.??"]
[Round "?"]
[White "Seirawan, Yasser"]
[Black "Timman, Jan H"]
[Result "1/2-1/2"]
[WhiteElo "2525"]
[BlackElo "2610"]

1.d4 Nf6 2.c4 e6 3.Nc3 d5 4.Bg5 Be7 5.e3 O-O 6.Bd3 Nbd7 7.Nf3 dxc4 8.Bxc4 c5
9.O-O a6 10.a4 cxd4 11.exd4 Nb6 12.Bb3 Bd7 13.a5 Nbd5 14.Bxd5 Nxd5 15.Nxd5 exd5
16.Bxe7 Qxe7 17.Re1 Qd6 18.Qb3 f6 19.Nd2 Rfe8 20.Nf1 Bc6 21.Qc3 Qf4 22.Re3 Rxe3
23.Qxe3 Qxe3 24.Nxe3 Kf7 25.f3 Ke6 26.Kf2 Rb8 27.Ra3 b6 28.Rb3 Bb5 29.axb6 Rxb6
30.Ke1 g6 31.Kd2 Kd6 32.Nc2 Rb8 33.Na3 Kc6 34.g3 g5 35.Rc3+  1/2-1/2

[Event "London"]
[Site "London"]
[Date "1984.??.??"]
[Round "?"]
[White "Seirawan, Yasser"]
[Black "Vaganian, Rafael A"]
[Result "1-0"]
[WhiteElo "2525"]
[BlackElo "2630"]

1.c4 Nf6 2.Nc3 d5 3.d4 g6 4.Nf3 Bg7 5.Bg5 Ne4 6.cxd5 Nxg5 7.Nxg5 e6 8.Nf3 exd5
9.e3 O-O 10.b4 Nc6 11.b5 Ne7 12.Be2 a6 13.bxa6 b6 14.Qa4 c6 15.Rb1 Bf5 16.Rb2 Qc7
17.O-O Rfb8 18.a3 Bf8 19.Rc1 b5 20.Qd1 Bc8 21.a4 b4 22.Na2 Qd6 23.Rcb1 Bxa6
24.Bxa6 Rxa6 25.Nxb4 Rab6 26.Nd3 Rxb2 27.Rxb2 Rxb2 28.Nxb2 Qa3 29.Nd3 Nc8
30.Nfe5 Nb6 31.g3 Nxa4 32.Qf3 Qe7 33.Nxc6 Qd6 34.Ncb4 Nc3 35.Nc5 Kg7 36.Kg2 h5
37.Nbd3 Qc7 38.h3 Bd6 39.Nb4 Bxc5 40.Na6 Qd6 41.Nxc5 Nb5 42.g4 hxg4 43.hxg4 Nc3
44.g5 f5 45.Qh3 Kg8 46.Qh6 f4 47.exf4 Nb5 48.f5 gxf5 49.Ne6 Qe7 50.Qg6+ Kh8
51.Qxf5 Qd7 52.g6  1-0

[Event "Lugano op"]
[Site "Lugano"]
[Date "1984.??.??"]
[Round "6"]
[White "Seirawan, Yasser"]
[Black "Kudrin, Sergey"]
[Result "1/2-1/2"]
[WhiteElo "2525"]
[BlackElo "2520"]

1.d4 Nf6 2.c4 e6 3.Nc3 Bb4 4.Qc2 c5 5.dxc5 O-O 6.a3 Bxc5 7.Bf4 b6 8.Nf3 Bb7
9.Rd1 a6 10.e4 Nc6 11.Be2 Ne7 12.O-O Ng6 13.Bg3 Nh5 14.Bd6 Bxd6 15.Rxd6 Qc7
16.Rfd1 Rfd8 17.e5 Nhf4 18.Ne4 Rac8 19.Bf1 b5 20.c5 Nd5 21.b4 Nde7 22.h4 Nf5
23.h5 Nf4 24.R6d2 Nxh5 25.g4 Qc6 26.Nfg5 h6 27.Bg2 Qc7 28.Nf3 Nf4 29.gxf5 Nxg2
30.Kxg2 Qc6 31.Re1 exf5 32.Rd6 fxe4 33.Rxc6 exf3+ 34.Kxf3 Rxc6 35.Ke3 Re6
36.Kd4 Rde8 37.Qf5 Bc6 38.Rg1 Rxe5 39.Qxe5 Rxe5 40.Kxe5 f6+ 41.Kd6 g5 42.Re1 h5
43.Re8+ Kg7 44.Re7+ Kg6 45.Rxd7 Bxd7 46.Kxd7 h4 47.c6 h3 48.c7 h2 49.c8=Q h1=Q
50.Qg8+ Kf5 51.Qe6+ Kg6 52.Qg8+  1/2-1/2

[Event "Lugano op"]
[Site "Lugano"]
[Date "1984.??.??"]
[Round "8"]
[White "Seirawan, Yasser"]
[Black "Hort, Vlastimil"]
[Result "1-0"]
[WhiteElo "2525"]
[BlackElo "2615"]

1.c4 Nf6 2.Nc3 c6 3.e4 d5 4.exd5 cxd5 5.d4 e6 6.Nf3 Be7 7.cxd5 Nxd5 8.Bd3 Nc6
9.O-O O-O 10.a3 Nf6 11.Re1 Qd6 12.Bc2 Rd8 13.Be3 b6 14.Qd3 g6 15.Rad1 Bb7
16.Bg5 Rac8 17.Bb1 Qb8 18.Ba2 Ng4 19.Bxe7 Nxd4 20.Qxd4 Rxd4 21.Rxd4 Bxf3
22.Bd6 Qb7 23.gxf3 Qxf3 24.Bg3 e5 25.Rd7 Rf8 26.Ne4 h6 27.Bd5 Qf5 28.Rxa7 h5
29.h4 Nh6 30.Re7 Rd8 31.Rxe5 Qc8 32.Re7 Qc2 33.Nf6+ Kg7 34.Be5 Qd3 35.Nxh5+ Kh7
36.Nf6+ Kg7 37.Bc3 Rc8 38.Be5 Rd8 39.Nh5+ Kg8 40.Bc3 Kh7 41.Bxf7 Nxf7 42.Rxf7+ Kh6
43.Nf4  1-0

[Event "Zuerich op"]
[Site "Zuerich"]
[Date "1984.??.??"]
[Round "7"]
[White "Sosonko, Gennadi"]
[Black "Seirawan, Yasser"]
[Result "1/2-1/2"]
[WhiteElo "2565"]
[BlackElo "2565"]

1.Nf3 c5 2.c4 g6 3.d4 cxd4 4.Nxd4 Bg7 5.e4 Nc6 6.Be3 Nf6 7.Nc3 d6 8.Be2 Nxd4
9.Bxd4 O-O 10.O-O Bd7 11.Kh1 Bc6 12.f3 a5 13.Nd5 Nd7 14.f4 e5 15.Be3  1/2-1/2

[Event "Zuerich op"]
[Site "Zuerich"]
[Date "1984.??.??"]
[Round "9"]
[White "Seirawan, Yasser"]
[Black "Hort, Vlastimil"]
[Result "1-0"]
[WhiteElo "2565"]
[BlackElo "2605"]

1.d4 d5 2.c4 dxc4 3.e4 Nf6 4.e5 Nd5 5.Bxc4 Nc6 6.Nc3 Be6 7.Bb3 Na5 8.Ba4+ c6
9.Nge2 Nc4 10.O-O Ncb6 11.Bc2 Qc7 12.f4 f5 13.g4 g6 14.Ng3 fxg4 15.Nce4 Nb4
16.Ng5 Bc4 17.Bb3 Bxb3 18.Qxb3 N6d5 19.f5 Qb6 20.Ne6 Na6 21.Qd1 Nac7 22.Nxc7+ Qxc7
23.Qxg4 Rg8 24.f6 Rh8 25.Ne4 Qd7 26.f7+ Kd8 27.e6 Qc7 28.Bf4 Nxf4 29.Rxf4 Qb6
30.Nc5 Qxb2 31.Rd1 b6 32.Nd7 Kc7 33.Rf2 Qb4 34.Rc2 Bg7 35.Qf3 Qd6 36.Rdc1 Qxd4+
37.Kh1 c5 38.Nxc5  1-0

[Event "New York op"]
[Site "New York"]
[Date "1985.??.??"]
[Round "3"]
[White "Murrey, Jacob"]
[Black "Seirawan, Yasser"]
[Result "0-1"]
[WhiteElo "2430"]
[BlackElo "2560"]

1.e4 c6 2.d4 d5 3.f3 dxe4 4.fxe4 e5 5.Nf3 Be6 6.Bg5 Be7 7.Bxe7 Qxe7 8.Nc3 Bg4
9.Bc4 Nd7 10.d5 Ngf6 11.h3 Bxf3 12.Qxf3 Nb6 13.Bb3 O-O 14.O-O-O Rad8 15.Rd2 c5
16.Qe2 Ne8 17.Qb5 Qc7 18.a3 Nd6 19.Qa5 c4 20.Ba2 Rc8 21.Re1 Nd7 22.Qxc7 Rxc7
23.Re3 Nc5 24.b4 cxb3 25.Bxb3 Rfc8 26.Ba2 b5 27.Rde2 a5 28.Kd1 Kf8 29.Nb1 Ncxe4
30.c4 f5 31.Nd2 Nxd2 32.Rxd2 e4 33.cxb5 Rc1+ 34.Ke2 f4 35.Rb3 Rg1  0-1

[Event "New York op"]
[Site "New York"]
[Date "1985.??.??"]
[Round "5"]
[White "Lombardy, William James"]
[Black "Seirawan, Yasser"]
[Result "1/2-1/2"]
[WhiteElo "2500"]
[BlackElo "2560"]

1.e4 c5 2.Nf3 e6 3.c3 d5 4.exd5 Qxd5 5.d4 Nf6 6.Na3 cxd4 7.Nb5 Na6 8.Qxd4 Bc5
9.Qxd5 exd5 10.Nbd4 O-O 11.Be2 Bb6 12.a4 Nc5 13.a5  1/2-1/2

[Event "New York op"]
[Site "New York"]
[Date "1985.??.??"]
[Round "6"]
[White "Seirawan, Yasser"]
[Black "Shamkovich, Leonid"]
[Result "1-0"]
[WhiteElo "2560"]
[BlackElo "2460"]

1.d4 d5 2.c4 c6 3.Nf3 Nf6 4.cxd5 cxd5 5.Nc3 Nc6 6.Bf4 Bf5 7.e3 e6 8.Ne5 Bd6
9.Bb5 Bxe5 10.Bxc6+ bxc6 11.Bxe5 O-O 12.O-O Nd7 13.Bd6 Re8 14.Rc1 e5 15.Ne2 Qb6
16.Ng3 Bg6 17.dxe5 Nxe5 18.Bxe5 Rxe5 19.Qd4 Qxd4 20.exd4 Re6 21.f4 Bd3 22.Rf3 Bb5
23.b3 Rb8 24.f5 Rd6 25.Rfc3 Rb6 26.a4 Ba6 27.a5 Rb5 28.Rxc6 Rxc6 29.Rxc6 Rxa5
30.Rc7 Rb5 31.Rxa7 Bb7 32.Ra3 Kf8 33.Kf2 Ke7 34.Nh5 Rb6 35.Nf4 Kf6 36.g4 g6
37.fxg6 hxg6 38.Nd3 Bc8 39.h3 g5 40.b4 Ba6 41.Nc5 Bb5 42.Ra7 Be8 43.Ra6 Rxa6
44.Nxa6 Ke7 45.Kg3 f6 46.Nc7 Bc6 47.b5 Kd7 48.Ne8  1-0

[Event "New York op"]
[Site "New York"]
[Date "1985.??.??"]
[Round "7"]
[White "Alburt, Lev O"]
[Black "Seirawan, Yasser"]
[Result "1/2-1/2"]
[WhiteElo "2535"]
[BlackElo "2560"]

1.d4 e6 2.g3 c5 3.Nf3 b5 4.Bg2 Bb7 5.O-O Nf6 6.Qd3 c4 7.Qd1 Be7 8.c3 d5 9.a4 b4
10.Nfd2 Nc6 11.e4 Na5 12.e5 Nd7 13.Qg4 g6 14.cxb4 Bxb4 15.Nc3 Bc6 16.Nf3 h5
17.Qf4 Nb3 18.Ra2 Nxc1 19.Rxc1 Be7 20.h4 Rb8 21.a5 Rb7 22.Qe3 Nb8 23.Nd2 Na6
24.Raa1 Qd7 25.Qf3 Nb4 26.b3 cxb3 27.Nxb3 Nc2 28.Rxc2 Rxb3 29.Qd1 O-O  1/2-1/2

[Event "New York op"]
[Site "New York"]
[Date "1985.??.??"]
[Round "8"]
[White "Seirawan, Yasser"]
[Black "Schussler, Harry"]
[Result "1/2-1/2"]
[WhiteElo "2560"]
[BlackElo "2455"]

1.d4 Nf6 2.c4 e6 3.Nf3 b6 4.Nc3 Bb7 5.Bg5 Be7 6.e3 h6 7.Bh4 O-O 8.Bd3 c5
9.O-O cxd4 10.exd4 Bxf3 11.Qxf3 Nc6 12.Ne2 d5 13.Rad1 Nb4 14.Bxf6 Bxf6 15.cxd5 Nxd5
16.Be4  1/2-1/2

[Event "Lugano op"]
[Site "Lugano"]
[Date "1986.??.??"]
[Round "?"]
[White "Short, Nigel D"]
[Black "Seirawan, Yasser"]
[Result "1/2-1/2"]
[WhiteElo "2585"]
[BlackElo "2605"]

1.e4 e5 2.Nf3 Nf6 3.d4 Nxe4 4.dxe5 d5 5.Nbd2 Nxd2 6.Bxd2 Be7 7.Bf4 c5 8.c3 Nc6
9.Bd3 Be6 10.h3 g5 11.Bg3 Qb6 12.Qd2 h6 13.O-O O-O-O 14.Rfb1 a6 15.Bc2 d4
16.Be4 h5 17.h4 dxc3 18.Qxc3 Nd4 19.Re1 Nxf3+ 20.Qxf3 gxh4 21.Bf4 Rdg8 22.Kh2 Rg4
23.Qe3 Rhg8 24.b4 Kb8 25.Rab1 Rxf4 26.bxc5 Rxe4 27.Qxe4 Qc7 28.Rxb7+ Qxb7
29.Rb1 Bd5 30.Rxb7+ Bxb7 31.c6 Bc8 32.Qe3 Ka8 33.Qf3  1/2-1/2

[Event "Philadelphia op"]
[Site "Philadelphia"]
[Date "1986.??.??"]
[Round "?"]
[White "Johnstone, Glenn"]
[Black "Seirawan, Yasser"]
[Result "1-0"]
[WhiteElo "2310"]
[BlackElo "2605"]

1.e4 e6 2.d4 d5 3.Nc3 Bb4 4.e5 Qd7 5.Nf3 b6 6.Bd2 Bf8 7.Ne2 Ba6 8.g3 c5 9.Bc3 Ne7
10.Nf4 Bxf1 11.Kxf1 g6 12.Nd3 Qc7 13.Bd2 Nd7 14.c3 h6 15.Kg2 c4 16.Nde1 b5
17.Nc2 Nb6 18.h4 h5 19.Ng5 Bh6 20.f3 Nc6 21.Nh3 O-O-O 22.Bxh6 Rxh6 23.Qd2 Rhh8
24.Ng5 Qe7 25.Rhe1 Kb7 26.Re2 a5 27.a3 Rd7 28.Qf4 Rc7 29.Rh1 Na4 30.Rb1 Ka6
31.Ne1 b4 32.axb4 axb4 33.Ra1 Ka5 34.Qc1 b3 35.Qd1 Ra7 36.Nd3 Kb5 37.Nf4 Nb6
38.Rb1 Ra2 39.Qe1 Na4 40.Kf1 Na7 41.Qc1 Kc6 42.Ra1 Rxa1 43.Qxa1 Nb6 44.Qc1 Nb5
45.Nfh3 Na4 46.Nf2 Ra8 47.Nd1 Nb6 48.Qf4 Ra1 49.Re1 Na4  1-0

[Event "Reykjavik op"]
[Site "Reykjavik"]
[Date "1986.??.??"]
[Round "1"]
[White "Bjarnason, Saevar"]
[Black "Seirawan, Yasser"]
[Result "1/2-1/2"]
[WhiteElo "2395"]
[BlackElo "2605"]

1.e4 c5 2.Nf3 e6 3.d4 cxd4 4.Nxd4 a6 5.Nc3 b5 6.Be2 Bb7 7.Bf3 Ne7 8.O-O Nbc6
9.Re1 Nxd4 10.Qxd4 Nc6 11.Qe3 d6 12.Bd2 Be7 13.a4 b4 14.Na2 a5 15.c3 bxc3
16.Nxc3 Nb4 17.Rac1 O-O 18.Red1 h6 19.Nb5 Bg5 20.Qe1 Bxd2 21.Qxd2 d5 22.Qf4 Rc8
23.Rc3 Rc6 24.h3 Qb8 25.Qxb8 Rxb8 26.exd5 exd5 27.Nd4 Rcc8 28.Bg4 Rxc3 29.bxc3 Na2
30.Rb1 Nxc3 31.Rb3 Nxa4 32.Nc6 Nc5 33.Rb5 Ra8 34.Rxc5 a4 35.Nb4 a3 36.Na2 d4
37.Bf3 Bxf3 38.gxf3 Rb8 39.Rc1 Rb2 40.Ra1 Kf8 41.Kf1 Ke7 42.Nc1 Rc2 43.Nb3 a2
44.Nc1 Rc3 45.Ke2 Kf6 46.Nxa2 Ra3 47.Kd2 Kf5 48.Ke1 Kf4 49.Rd1 Rxa2 50.Rxd4+ Kxf3
51.Rd3+ Ke4 52.Re3+ Kf5 53.Kf1 g5 54.Kg2 Kg6 55.Rb3 f5 56.Rb6+ Kh5 57.Rf6 f4
58.Rb6 Ra8 59.Rc6 Rh8 60.Rb6 Kh4 61.Ra6 f3+ 62.Kh2 h5 63.Rf6 g4 64.hxg4 hxg4
65.Rg6 Ra8 66.Rg7 Rh8 67.Rg6 Rd8 68.Rg7 Rd5 69.Rg8 Rg5 70.Rh8+ Rh5 71.Rg8 Rh7
72.Rg6 Rd7 73.Rg8 Rd5 74.Rg7 Rd8 75.Rh7+ Kg5 76.Kg3 Rd1 77.Rg7+ Kf5 78.Rf7+ Ke6
79.Rg7 Kf5 80.Rf7+ Kg6 81.Rf8 Rg1+ 82.Kf4 Rg2  1/2-1/2

[Event "Reykjavik op"]
[Site "Reykjavik"]
[Date "1986.??.??"]
[Round "2"]
[White "Seirawan, Yasser"]
[Black "Hardarson, Robert"]
[Result "1/2-1/2"]
[WhiteElo "2605"]
[BlackElo "2310"]

1.d4 Nf6 2.c4 g6 3.Nc3 Bg7 4.e4 d6 5.f3 O-O 6.Bg5 c5 7.d5 e6 8.Qd2 exd5 9.cxd5 a6
10.a4 Re8 11.Nge2 Nbd7 12.Ng3 Rb8 13.Be2 Qc7 14.O-O c4 15.Be3 b5 16.axb5 axb5
17.b4 Nf8 18.Ra7 Qd8 19.Rfa1 Re7 20.R7a5 Reb7 21.Bf1  1/2-1/2

[Event "Reykjavik op"]
[Site "Reykjavik"]
[Date "1986.??.??"]
[Round "4"]
[White "Seirawan, Yasser"]
[Black "Zaltsman, Vitaly F"]
[Result "1-0"]
[WhiteElo "2605"]
[BlackElo "2410"]

1.d4 d5 2.Nf3 c5 3.c4 cxd4 4.cxd5 Nf6 5.Qxd4 Qxd5 6.Nc3 Qxd4 7.Nxd4 a6 8.g3 e5
9.Nb3 Bd7 10.Bg2 Bc6 11.O-O Bb4 12.Bg5 Bxg2 13.Kxg2 Bxc3 14.Bxf6 gxf6 15.Rac1 Nc6
16.Rxc3 Ke7 17.Nc5 Rab8 18.Rd1 Rhd8 19.Rxd8 Nxd8 20.Rb3 a5 21.Rb5 Nc6 22.Rxb7+ Rxb7
23.Nxb7 f5 24.Kh3 Kf6 25.f4 e4 26.e3 Ke6 27.a3 a4 28.Nc5+ Kd5 29.Nxa4 Kc4
30.Nb6+ Kd3 31.Nd5 Kc4 32.Nb4 Nxb4 33.axb4 Kxb4 34.Kh4 Kc4 35.Kg5 Kd3 36.b4 Kxe3
37.b5 Kf2 38.b6 e3 39.b7 e2 40.b8=Q e1=Q 41.Qe5 Qh1 42.Qxf5 Qxh2 43.g4 h6+
44.Kf6 Kf3 45.g5 hxg5 46.fxg5+ Qf4  1-0